Catálogo
 En Linea

Los moluscos gasterópodos y bivalvos de la colección del Centro de Investigaciones de Biología Marina, Universidad Autónoma de Santo Domingo / (Registro nro. 17226)

Detalles MARC
000 -CABECERA
campo de control de longitud fija 00839nam a2200193 a 4500
001 - NÚMERO DE CONTROL
campo de control 000017701
005 - FECHA Y HORA DE LA ÚLTIMA TRANSACCIÓN
campo de control 20200929165212.0
008 - DATOS DE LONGITUD FIJA--INFORMACIÓN GENERAL
campo de control de longitud fija 100330s1977 dr 000 0 spa d
040 ## - FUENTE DE LA CATALOGACIÓN
Centro catalogador/agencia de origen DO-SdBNP
Lengua de catalogación spa
Centro/agencia transcriptor BNPHU
082 ## - NÚMERO DE LA CLASIFICACIÓN DECIMAL DEWEY
Número de clasificación xxx
Número de documento/Ítem G633m
049 ## - FONDOS LOCALES (OCLC)
Fondos de biblioteca BNPD
100 1# - ENTRADA PRINCIPAL--NOMBRE DE PERSONA
Nombre de persona Gómez de Peña, Josefina
9 (RLIN) 38544
245 14 - MENCIÓN DE TÍTULO
Título Los moluscos gasterópodos y bivalvos de la colección del Centro de Investigaciones de Biología Marina, Universidad Autónoma de Santo Domingo /
Mención de responsabilidad, etc. Josefina Gómez de Peña, Cecilio Díaz Carela, Idelisa Bonnelly de Calventi.
260 ## - PUBLICACIÓN, DISTRIBUCIÓN, ETC.
Lugar de publicación, distribución, etc. Santo Domingo :
Nombre del editor, distribuidor, etc. Centro de Investigaciones de Biología Marina, Universidad Autónoma de Santo Domingo,
Fecha de publicación, distribución, etc. 1977.
300 ## - DESCRIPCIÓN FÍSICA
Extensión 18 p. ;
Dimensiones 23 cm.
500 ## - NOTA GENERAL
Nota general Incluye bibliografías [p. 18]
700 1# - PUNTO DE ACCESO ADICIONAL--NOMBRE DE PERSONA
Nombre de persona Díaz Carela, Cecilio
9 (RLIN) 10256
700 1# - PUNTO DE ACCESO ADICIONAL--NOMBRE DE PERSONA
Nombre de persona Bonnelly de Calventi, Idelisa
9 (RLIN) 36618
Existencias
Estado de retiro Estado de pérdida No para préstamo Código de colección Localización permanente Ubicación/localización actual Ubicación en estantería Fecha de adquisición Número de inventario Total de préstamos Signatura topográfica completa Código de barras Fecha visto por última vez Precio válido a partir de Tipo de ítem Koha
    Excluido de préstamo Patrimonio Dominicano Patrimonio Dominicano Patrimonio Dominicano En catalogación 30.03.2010 LF1   xxx G633m 17701-10 25.06.2020 25.06.2020 Libro y Folleto Colección Patrimonio Dominicano

Con tecnología Koha